10 grösste Städte/Gemeinden in Thüringen - Statistiken

Allgemein
  • Dieses Quiz wurde 70 mal gespielt
  • Das Durchschnittsergebnis liegt bei 7 aus 10
Antwortstatistiken
Einwohner Städte/Gemeinden % Korrekt
215k Erfurt
100%
111k Jena
98%
94k Gera
93%
66k Weimar
83%
42k Eisenach
69%
46k Gotha
66%
37k Suhl
66%
41k Nordhausen
64%
37k Mühlhausen
53%
39k Ilmenau
40%
Keine übereinstimmenden Quizze gefunden
Verteilung der Resultate
Anzahl Personen mit jedem Resultat
Perzentil nach korrekt beantworteten Fragen
Ihre Resultats-Entwicklung
Sie haben dieses Quiz noch nicht gespielt